00844nam a2200145Ia 4500008004100000020001500041050001700056100004300073245005300116260003700169300001700206500008700223505037100310650001700681120626s1994 ck 000 0 spa d a9583001562 aB1853.E8bM5 aDescartes, Renéd,1596-1650e, autor aMeditaciones metafísicas c/ René, Descartes aColombiab: Panamericanac, 1994 a76 páginas aIncluye: Prólogo (pp. v-viii), Prefacio al lector (pp.1-4), Biografía (p. 77) aI. De las cosas que pueden ponerse en duda II. De la naturaleza de la mente humana, que es más conocida que el cuerpo III. De Dios, que existe IV. De lo verdadero y de lo falso V. De la esencia de las cosas materiales; y otra vez de Dios y sus existencia VI. De la existencia de las cosas materiales y de la distinción real entre el alma y el cuerpo  0aMETAFÍSICA